| 000 | 00446nam a2200193Ia 4500 | ||
|---|---|---|---|
| 003 | 0100 | ||
| 008 | 130303s9999 xx 000 0 und d | ||
| 040 | _cARRUPELIB | ||
| 050 | _aHC910.Z9F35 1990 | ||
| 100 | _aIliffe, John | ||
| 245 | _aFamine in Zimbabwe, 1890-1960 | ||
| 260 | _aGweru, Zimbabwe | ||
| 260 | _bMambo Press | ||
| 260 | _C1990 | ||
| 300 | _a140p. 22cm | ||
| 650 | _bZimbabwe - History | ||
| 700 | _aJohn Iliffe | ||
| 942 | 0 | 0 | _01 |
| 999 |
_c9403 _d9403 |
||